| 000 | 00451nam a22001337a 4500 | ||
|---|---|---|---|
| 008 | 160416b xxu||||| |||| 00| 0 eng d | ||
| 082 |
_22004 _aUT 0120 _bG58 |
||
| 100 |
_95769 _aGoleng, Jeremias C. |
||
| 245 |
_aPeace and order campaign in Zone III Digos City/ _cJeremias C. Goleng. |
||
| 260 |
_aDigos City: _bUMDC _cMarch 2004. |
||
| 300 |
_a39 pages. _c29 cm. |
||
| 650 | 0 |
_95770 _aLiberal Arts _vPolitical Science _xUndergraduate thesis. |
|
| 942 |
_2ddc _cUT |
||
| 999 |
_c1817 _d1817 |
||